Mark Rothko, 1903-1970: cuadros como dramas

Gardado en:
Detalles Bibliográficos
Autor Principal: Baal-Teshuva, Jacob (Author)
Formato: Libro
Idioma:Lingua castelá
Publicado: Colonia Taschen 2009
Subjects:
Tags: Engadir etiqueta
Sen Etiquetas, Sexa o primeiro en etiquetar este rexistro!

MARC

LEADER 00000cam a2200000 a 4500
001 UCG8657
003 CL-VaPUC
008 111223e20090000GW |||||||||||||||||spa|d
020 |a 9783836512800 
082 0 4 |a 750  |b BAA  |2 21 
100 0 |a Baal-Teshuva, Jacob  |e author  |9 559767 
245 1 0 |a Mark Rothko, 1903-1970: cuadros como dramas 
300 |a 96 p 
942 |c BK 
945 |d 20111223 00:00:00  |a dcastane 
260 |a Colonia  |b Taschen  |c 2009 
650 0 |a Pintura  |9 265046 
650 0 |a Pintura moderna  |9 265600 
650 0 |a Artes plásticas  |9 268637 
650 0 |a Arte moderno  |9 265333 
583 |a last modification  |c 20130430 02:54:20  |k Rodrigo Vera 
999 |c 346258  |d 346256 
952 |0 0  |1 0  |4 0  |6 750_000000000000000_BAA_2009  |7 0  |8 X  |9 446897  |a BIBART  |b BIBART  |d 2019-11-22  |i 4815009  |l 2  |o 750 BAA 2009  |p 4815009  |r 2025-03-13  |s 2022-10-19  |w 2019-11-22  |y BK_X  |k ART 
952 |0 0  |1 0  |4 0  |6 750_000000000000000_BAA_2009  |7 0  |8 A  |9 446898  |a BIBARQ  |b BIBARQ  |d 2019-11-22  |i 4968999  |o 750 BAA 2009  |p 4968999  |r 2025-01-20  |w 2019-11-22  |y BK  |k ARQ